Geschichte der lateinischen literatur des mittelalters. tomo 2 /
Guardado en:
| Autor Principal: | |
|---|---|
| Formato: | Libro |
| Publicado: |
MÜmnchen :
C. H. Verlagsbuchhandlung,
1959
|
| Materias: | |
| Etiquetas: |
Agregar Etiqueta
Sin Etiquetas, Sea el primero en etiquetar este registro!
|
| LEADER | 00506nam a22001455a 4500 | ||
|---|---|---|---|
| 001 | EHU.bham015621 | ||
| 003 | AR-BHAM | ||
| 005 | 20100420153513.0 | ||
| 008 | 130507s1959##################000#0#####d | ||
| 082 | 8 | 7 | |a 879 |
| 100 | 1 | |a Manitius, Max | |
| 245 | 1 | 0 | |a Geschichte der lateinischen literatur des mittelalters. tomo 2 / |c Max Manitius |
| 260 | |a MÜmnchen : |b C. H. Verlagsbuchhandlung, |c 1959 | ||
| 653 | |a Literatura latina medieval y moderna | ||
| 859 | |a AR-BHAM |b BIB. HUMANIDADES - CONICET |h 879 |i M314 |p 160.60 |t Ej.1 |v II CN111 |3 II | ||
